| 000 | 00972nam a22003017a 4500 | ||
|---|---|---|---|
| 001 | 5182 | ||
| 003 | FISKH | ||
| 005 | 20250113142036.0 | ||
| 008 | 241118b cb ||||| |||| 00| 0 eng d | ||
| 020 | _a0439173701 | ||
| 040 |
_aFISKH _beng _cFISKH _dFISKH |
||
| 050 | _aD21.M286 | ||
| 082 | _a909 | ||
| 100 | _aMaynard, Christopher | ||
| 245 |
_aThe history news revolution : _bThe greatest newspapers in civilization / _cby Christopher Maynard |
||
| 260 |
_aNew York : _bScholastic ; _c2000 . |
||
| 300 |
_a30 pages : _bcolor illustrations ; _c31 pages: |
||
| 490 | _aHistory News | ||
| 505 | _aX | ||
| 520 | _aPresents in newspaper format facts relating to the French, American, Russian, and Chinese revolutions. | ||
| 521 | 8 |
_a890
_bLexile IG |
|
| 521 | 8 |
_aX
_bRaz-Plus |
|
| 650 |
_aRevolutionary War _vNon-fiction |
||
| 650 |
_asocial studies _vnon-fiction |
||
| 700 |
_aShakesby, Tim _eConsultant |
||
| 942 |
_2ddc _cBK _n0 |
||
| 999 |
_c5182 _d5182 |
||